Нестационарный пространственный теплоперенос в неоднородной керамзитобетонной стене; Известия Томского политехнического университета [Известия ТПУ]; Т. 309, № 4
| Parent link: | Известия Томского политехнического университета [Известия ТПУ]/ Томский политехнический университет (ТПУ).— , 2000- Т. 309, № 4.— 2006.— [С. 113-116] |
|---|---|
| Další autoři: | , , , , |
| Shrnutí: | Заглавие с титульного листа Электронная версия печатной публикации С помощью математического моделирования исследовано тепловое состояние неоднородного трехслойного керамзитобетонного фрагмента стены с фасадным утеплением на гибкой связи. Установлен характер распределения полей температуры в керамзитобетонной конструкции. Выполнена оценка зоны влияния гибкой связи на температурное поле стены. Разработанная численная методика позволяет проводить тепловую экспресс-диагностику наружных неоднородных керамзитобетонных стен с различными теплофизическими и геометрическими характеристиками материалов системы в реальных условиях эксплуатации. |
| Jazyk: | ruština |
| Vydáno: |
2006
|
| Edice: | Технические науки |
| Témata: | |
| On-line přístup: | http://www.lib.tpu.ru/fulltext/v/Bulletin_TPU/2006/v309/i4/25.pdf |
| Médium: | MixedMaterials Elektronický zdroj Kapitola |
| KOHA link: | https://koha.lib.tpu.ru/cgi-bin/koha/opac-detail.pl?biblionumber=171432 |
MARC
| LEADER | 00000nla2a2200000 4500 | ||
|---|---|---|---|
| 001 | 171432 | ||
| 005 | 20231031163959.0 | ||
| 035 | |a (RuTPU)RU\TPU\book\185890 | ||
| 035 | |a RU\TPU\book\185885 | ||
| 090 | |a 171432 | ||
| 100 | |a 20091204d2006 k y0rusy50 ca | ||
| 101 | 0 | |a rus | |
| 102 | |a RU | ||
| 135 | |a drnn ---uucaa | ||
| 181 | 0 | |a i | |
| 182 | 0 | |a b | |
| 200 | 1 | |a Нестационарный пространственный теплоперенос в неоднородной керамзитобетонной стене |b Электронный ресурс |f А. Н. Хуторной [и др.] | |
| 203 | |a Текст |c электронный | ||
| 215 | |a 1 файл (388 Кб) | ||
| 225 | 1 | |a Технические науки | |
| 230 | |a Электронные текстовые данные (1 файл : 388 Кб) | ||
| 300 | |a Заглавие с титульного листа | ||
| 300 | |a Электронная версия печатной публикации | ||
| 320 | |a [Библиогр.: с. 116 (9 назв.)] | ||
| 330 | |a С помощью математического моделирования исследовано тепловое состояние неоднородного трехслойного керамзитобетонного фрагмента стены с фасадным утеплением на гибкой связи. Установлен характер распределения полей температуры в керамзитобетонной конструкции. Выполнена оценка зоны влияния гибкой связи на температурное поле стены. Разработанная численная методика позволяет проводить тепловую экспресс-диагностику наружных неоднородных керамзитобетонных стен с различными теплофизическими и геометрическими характеристиками материалов системы в реальных условиях эксплуатации. | ||
| 337 | |a Adobe Reader | ||
| 461 | 1 | |0 (RuTPU)RU\TPU\book\176237 |t Известия Томского политехнического университета [Известия ТПУ] |f Томский политехнический университет (ТПУ) |d 2000- | |
| 463 | 1 | |0 (RuTPU)RU\TPU\book\185844 |x 1684-8519 |t Т. 309, № 4 |v [С. 113-116] |d 2006 |p 273 с. | |
| 610 | 1 | |a нестационарный теплоперенос | |
| 610 | 1 | |a пространственный теплоперенос | |
| 610 | 1 | |a керамзитобетонные стены | |
| 610 | 1 | |a математическое моделирование | |
| 610 | 1 | |a тепловое состояние | |
| 610 | 1 | |a фрагменты | |
| 610 | 1 | |a фасадное утепление | |
| 610 | 1 | |a гибкие связи | |
| 610 | 1 | |a керамзитобетонные конструкции | |
| 610 | 1 | |a оценка | |
| 610 | 1 | |a зоны | |
| 610 | 1 | |a температурные поля | |
| 610 | 1 | |a численные методики | |
| 610 | 1 | |a экспресс-диагностика | |
| 610 | 1 | |a наружные стены | |
| 610 | 1 | |a теплофизические характеристики | |
| 610 | 1 | |a геометрические характеристики | |
| 610 | 1 | |a материалы | |
| 610 | 1 | |a системы | |
| 610 | 1 | |a эксплуатация | |
| 610 | 1 | |a электронный ресурс | |
| 701 | 1 | |a Хуторной |b А. Н. | |
| 701 | 1 | |a Кузин |b А. Я. | |
| 701 | 1 | |a Цветков |b Н. А. | |
| 701 | 1 | |a Мирошниченко |b Т. А. | |
| 701 | 1 | |a Колесникова |b А. В. | |
| 801 | 1 | |a RU |b 63413507 |c 20090623 |g PSBO | |
| 801 | 2 | |a RU |b 63413507 |c 20211021 |g PSBO | |
| 856 | 4 | |u http://www.lib.tpu.ru/fulltext/v/Bulletin_TPU/2006/v309/i4/25.pdf | |
| 942 | |c CF | ||